ICT based library and information services.
| Main Author: | |
|---|---|
| Format: | Book |
| Published: |
New Delhi:
Ess Ess Publications,
2013.
|
| Subjects: |
| LEADER | 00525cam a2200169 7i4500 | ||
|---|---|---|---|
| 001 | 0000032469 | ||
| 005 | 20150813090000.0 | ||
| 020 | 0 | 0 | |a 9788170006947 |
| 090 | 0 | 0 | |a B 025 |b HUS |
| 100 | 1 | 0 | |a Hussain, Akhtar |
| 245 | 1 | 0 | |a ICT based library and information services. |
| 260 | 0 | 0 | |a New Delhi: |b Ess Ess Publications, |c 2013. |
| 300 | # | # | |a 246 pages. |
| 650 | 0 | 0 | |a Knowledge management |
| 650 | 0 | 0 | |a Information organization |
| 650 | 0 | 0 | |a Library science -- |x Information technology |
| 999 | |a B000036357 |b Book |c Book |e Business Information Centre | ||


